000 00672nam a22001937a 4500
003 OSt
005 20250729060404.0
008 250729b |||||||| |||| 00| 0 eng d
040 _aDWCL-Main lib
_cOC
082 _aFil. 657.32 V173f 2015
100 _aValix, Conrado T.
245 _aFinancial accounting, volume 1 :
_bsecond part/
_cConrado T. Valix
250 _a2015 revised edition
260 _aManila :
_bGIC Enterprises,
_cc2015.
300 _a1027-1509 pages :
_b illustrations ;
_c22 cm.
650 _a1. Accounting--Problems, exercises, etc.
650 _a2. Accounting--Examinations, questions, etc.
942 _2ddc
_cBK - FIL
_e2015 revised edition
_kFil.
_n0
999 _c3863
_d3863